Spatial management of risks

Guardat en:
Dades bibliogràfiques
Autor principal: Brugnot, Gérard (Autor)
Format: Llibre
Idioma:anglès
Publicat: Londres ISTE 2008
Edició:1a. ed
Col·lecció:Geographical Information Systems Series
Matèries:
Etiquetes: Afegir etiqueta
Sense etiquetes, Sigues el primer a etiquetar aquest registre!

MARC

LEADER 00000cam a2200000 a 4500
001 UCF6802
003 CL-VaPUC
008 130524e20080000UK |||||||||||||||||eng|d
020 |a 9781848210462 
082 0 4 |a 363.34011  |b BRU  |2 21 
100 0 |a Brugnot, Gérard  |e author  |9 568792 
245 1 0 |a Spatial management of risks 
250 |a 1a. ed 
300 |a 252 p 
942 |c BK 
945 |d 20130524 00:00:00  |a cmena 
260 |a Londres  |b ISTE  |c 2008 
650 0 |a Geografía humana  |9 267193 
650 0 |a Modelos matemáticos   |9 259437 
650 7 |a DETERIORO AMBIENTAL  |2 CL-VaPUC  |9 475420 
650 0 |a Métodos estadísticos   |9 259407 
650 0 |a Sistemas de información geográfica   |9 466572 
583 |a last modification  |c 20130524 08:39:00  |k Rodrigo Vera 
490 0 |a Geographical Information Systems Series 
999 |c 351870  |d 351868 
952 |0 0  |1 0  |4 0  |6 363_340110000000000_BRU_2008  |7 0  |8 A  |9 456261  |a BIBING  |b BIBING  |d 2019-11-22  |i 4975650  |o 363.34011 BRU 2008  |p 4975650  |r 2025-01-20  |w 2019-11-22  |y BK  |k GEO